| 000 | 00895nam a2200265Ia 4500 | ||
|---|---|---|---|
| 003 | OSt | ||
| 005 | 20220927114807.0 | ||
| 006 | a|||||r|||| 00| 0 | ||
| 007 | ta | ||
| 008 | 220926b |||||||| |||| 00| 0 eng d | ||
| 024 | _a56505 | ||
| 037 | _cThesis and Dissertations | ||
| 040 |
_aRTL _cRTL _beng |
||
| 041 |
_2eng _aeng |
||
| 082 | _a"X:9-89P:(B), K6" | ||
| 100 |
_aMitchell Edward J. _9389349 |
||
| 110 |
_aGraduate School of Arts and Science. University of Pennsylvania _9389350 |
||
| 245 | 0 | _aEconometric study of international and interindust | |
| 260 |
_aPennsylvania _bUniversity of Pennsylvania _c1966 |
||
| 300 |
_a"viii, 113p." _ccm. |
||
| 650 | _aLabour Economics | ||
| 700 |
_aGraduate School of Arts and Science. University of Pennsylvania _9389351 |
||
| 942 |
_h"X:9-89P:(B), K6" _cCC |
||
| 999 |
_c705115 _d705115 |
||